Générique Angels - Paroles - Statistiques

Statistiques générales
  • Ce quiz a été pris 148 fois
  • Le résultat moyen est 19 sur 24
Statistiques - réponses
Paroles % Correct
Angel's {Friends}
94%
Angel's {Friends}
94%
Anges contre {démons}
93%
Mais Sulfus le {démon}
93%
Unies pour la {vie}
93%
Du bien face au {mal}
91%
Qui volera de ses propres {ailes}
91%
Unies pour la {vie}
91%
Raf et toutes ses {amies}
89%
Elle veillera sur {toi}
87%
Du bien face au {mal}
86%
S'y {opposera}
85%
Lutteront dans la chambre des {défis}
81%
Tu peut tenir {bon}
79%
Courage {Raf}
77%
Tu découvrira la {magie}
77%
C'est l'{alliance}
76%
C'est l'{alliance}
76%
Des {Angels}
73%
En {criant}
73%
Grâce au pouvoir des {ailes}
73%
Cité des anges, cité de {légendes}
57%
Angie {Town}
44%
Désormais loin {celle}
41%
Aucun quiz correspondant
Distribution des résultats
% des personnes avec chaque résultat
Percentile par nombre de réponses
Votre historique - résultats
Vous n’avez pas pris ce quiz